000 nam a22 a 4500
999 _c3034
_d3034
003 AKMAL
005 20170519100138.0
008 170519s1988 ca 00 eng d
020 _a1850916411 (pbk):
_cSTG 3.95
040 _aAKMAL
082 0 4 _a658.3 CHA
090 2 0 _a658.3
_bCHA
100 1 _aChapman, Elwood
_96327
245 1 0 _aThe fifty-minute supervisor :
_ba guide for the newly promoted /
_cElwood N Chapman
260 _aCalifornia :
_bKogan Page,
_c1988
300 _a64p. ;
_c22cm
650 _aSupervision of employees
_95850
942 _2ddc
_cBOOK